000 00708nam a2200217 4500
001 164754
003 ES-MaBCM
005 20241016190810.0
008 081202s1963 esp spa d
017 _aM.16429-1962
021 _axx
035 _a(OCoLC)432417027
040 _cES-MaBCM
100 1 _aLamata Mejías, Pedro
_966785
245 1 3 _aEl "hecho sindical" en nuestro tiempo
_cPedro Lamata Megías
260 _aMadrid :
_b[Servicio de Información y Publicaciones de la Organización Sindical Española],
_c1963
300 _a23 p. ;
_c22 cm
490 0 _aBiblioteca de Temas Actuales. Colección Síntesis ;
_9112342
_v34
710 2 _aOrganización Sindical Española
_952688
942 _cBK
999 _c164754
_d164754